| 000 | 00593nam a2200217Ia 4500 | ||
|---|---|---|---|
| 003 | OSt | ||
| 005 | 20220928141936.0 | ||
| 006 | a|||||r|||| 00| 0 | ||
| 007 | ta | ||
| 008 | 220927b |||||||| |||| 00| 0 eng d | ||
| 024 | _a18364 | ||
| 037 | _cTextual | ||
| 040 |
_aSDCL _cSDCL _beng |
||
| 041 |
_2eng _aeng |
||
| 082 | _aO15:gxE25,1, 152K7 | ||
| 100 |
_aPathak Chandrahans _9502690 |
||
| 245 | 0 | _aAuchitya sampradaya ka hindi kavya shastra par prabhava. | |
| 260 | _c1967 | ||
| 942 |
_hO15:gxE25,1, 152K7 _cTEXL _2CC |
||
| 999 |
_c820608 _d820608 |
||